Statistics for D Answers Quiz #1

Click here to take the quiz!

General Stats

  • This quiz has been taken 86,937 times
  • The average score is 17 of 24

Answer Stats

ClueAnswer% Correct
Bram Stoker's vampireDracula
93%
Famously extinct birdDodo
92%
Slayer of GoliathDavid
90%
Female version of a dukeDuchess
90%
A deer, a female deerDoe
87%
City where you'll find the world's
tallest building
Dubai
85%
German word for GermanyDeutschland
82%
Hogwarts headmasterDumbledore
80%
Type of mustard or city in FranceDijon
79%
"The Motor City"Detroit
77%
Homer's exclamationD'oh!
74%
English town with white cliffsDover
74%
Firehouse dog breedDalmatian
72%
Capital of SyriaDamascus
71%
Bee Gee's musical genreDisco
66%
River that travels through BudapestDanube
64%
Ram, Challenger, or Viper, e.g.Dodge
64%
Bomb that doesn't explodeDud
61%
Rapper who brought us the
term "YOLO"
Drake
57%
Type of knife or name for this symbol: †Dagger
52%
Hindu festival of lightsDiwali
50%
Trumpeter GillespieDizzy
39%
Heir to the French throneDauphin
31%
Mussolini's titleDuce
31%

Score Distribution

Percentile by Number Answered

Percent of People with Each Score

Your Score History

You have not taken this quiz